| 000 | 00581nam a2200229Ia 4500 | ||
|---|---|---|---|
| 003 | OSt | ||
| 005 | 20220924121309.0 | ||
| 006 | a|||||r|||| 00| 0 | ||
| 007 | ta | ||
| 008 | 220923b |||||||| |||| 00| 0 snd d | ||
| 024 | _a267983 | ||
| 037 | _cTextual | ||
| 040 |
_aARTS _cARTS _bsnd |
||
| 041 |
_2snd _asnd |
||
| 082 | _aO1593,3x, D2 | ||
| 100 |
_aAswadumal _9185207 |
||
| 245 | 0 | _aJameendar jo dost | |
| 260 |
_aHyderabad _bHindu Press _c1927 |
||
| 300 |
_a186p. _ccm. |
||
| 942 |
_hO1593,3x, D2 _cTEXL _2CC |
||
| 999 |
_c406831 _d406831 |
||